長野市内のバス路線 - Statistics

General Stats
  • This quiz has been taken 10 times
  • The average score is 15 of 60
Answer Stats
会社 系統番号 始終点 答え % Correct
アルピコ交通 10 長野駅-善光寺 善光寺線
100%
アルピコ交通 11 松岡・大塚南→日赤→長野駅→宇木 日赤線(北行き)
50%
アルピコ交通 16 長野駅-浅川団地-若槻団地-若槻東条 若槻団地線
50%
アルピコ交通 17 長野駅-浅川団地-西条-若槻東条 西条線
50%
アルピコ交通 21 宇木→長野駅→日赤→松岡・大塚南 日赤線(南行き)
50%
アルピコ交通 36 長野駅-綱島 綱島線
50%
アルピコ交通 22 長野駅-犀北団地 犀北団地線
33%
アルピコ交通 25 長野駅-小市団地 小市線
33%
アルピコ交通 26 善光寺大門・長野駅-信州新町 新町大原橋線
33%
アルピコ交通 27 善光寺大門・長野駅-中条-高府 高府線
33%
アルピコ交通 30 長野駅(県庁前)-川中島古戦場-松代高校 松代線
33%
アルピコ交通 32 市役所前-長野駅-篠ノ井駅 運転免許センター篠ノ井線
33%
アルピコ交通 34 市役所前-長野駅-三本柳小学校 三本柳線
33%
アルピコ交通 41 長野駅-県庁前-合同庁舎-自治会館 合同庁舎線
33%
アルピコ交通 45 長野駅-市役所前-北屋島 北屋島線
33%
アルピコ交通 70 長野駅-戸隠高原 ループ橋経由戸隠線
33%
アルピコ交通 73 長野駅-上ヶ屋-戸隠中社 県道戸隠線
33%
アルピコ交通 74 長野駅-鬼無里 鬼無里線
33%
アルピコ交通 75 長野-奥裾花自然園 奥裾花線
33%
アルピコ交通 85 長野駅東口-松岡 東口線
33%
アルピコ交通 102 道島→松代駅→県庁前アルピコ交通文化学園前 松代線(県庁経由文化学園行)
33%
アルピコ交通 102 運転免許センター入口→県庁前→文化学園前 運転免許センター篠ノ井線(県庁経由文化学園行)
33%
アルピコ交通 103 三本柳小学校前→県庁前→善光寺大門 三本柳線(県庁経由善光寺大門行)
33%
アルピコ交通 104 北屋島→県庁前→長野バスターミナル 北屋島線(県庁経由長野バスターミナル行)
33%
アルピコ交通 128 篠ノ井駅-信州新町 篠ノ井新町線
33%
アルピコ交通 31 長野駅-大塚南 丹波島線
17%
アルピコ交通 33 市役所前-長野駅-篠ノ井高田 北原篠ノ井線
17%
アルピコ交通 35 長野駅-丹波島橋南-中氷鉋-丹波島橋南 稲里循環線
17%
アルピコ交通 37 長野駅(県庁前)-さいなみ団地 田牧線
17%
アルピコ交通 38 長野駅-大塚南 紙屋線
17%
アルピコ交通長電バス 46 長野駅-市役所-南俣-大豆島東団地-若穂団地-保科温泉 大豆島保科温泉線
17%
アルピコ交通 48 長野駅-綱島-松代高校 金井山線
17%
長電バス 51 長野駅-平林-北尾張部-市民病院-柳原 平林線
17%
長電バス 52 長野駅-中央警察署-北長野駅-運動公園 運動公園線
17%
長電バス 55 長野駅-本郷駅-宇木-吉田-若槻台-牟礼駅-飯綱営業所 牟礼線
17%
長電バス 61 長野駅-宇木-若槻団地中央-浅川西条 浅川西条線
17%
長電バス 62 長野駅-宇木-稲田-東長野病院 東長野病院線
17%
長電バス 63 長野駅-宇木-吉田-三才駅-柳原 三才線
17%
長電バス 64 長野駅-檀田-稲田北-三才駅-柳原 マユミダ三才線
17%
アルピコ交通 79 長野-西裾花台団地 西裾花台団地線
17%
長電バス 81 長野駅東口-日赤-水野美術館-アークス中央・ビッグハット 日赤線
17%
長電バス 82 長野駅-長野駅東口-エムウェーブ前-屋島-須坂駅 須坂屋島線
17%
長電バス 82B 長野駅-長野駅東口-エムウェーブ前-屋島-綿内駅 綿内屋島線
17%
アルピコ交通 101 今井駅→県庁前→市役所前 北原篠ノ井線(県庁経由市役所行)
17%
アルピコ交通 103 桑根井→松代駅→県庁前→善光寺大門 松代線(県庁経由善光寺大門行)
17%
アルピコ交通 111 高田→(中央通り)→善光寺大門 北原篠ノ井線(中央通り経由善光寺大門行)
17%
アルピコ交通 130 篠ノ井駅-松代 松代篠ノ井線
17%
長電バス 161 浅川西条-若槻団地-三才駅-市民病院-柳原 市民病院浅川西条線
17%
長電バス 162 柳原→三才→-東長野病院 三才東長野病院線
17%
長電バス R 屋代駅-松代駅-若穂病院-須坂駅 屋代須坂線
17%
アルピコ交通長電バス C 長野駅→善光寺大門→県庁前→長野駅 市街地循環ぐるりん号
17%
長電バス なし 市民病院→古里支所→北長野駅→朝陽駅→市民病院 東北ぐるりん号
17%
アルピコ交通 S 篠ノ井駅-西友篠ノ井店(里島-南長野運動公園)-さいなみ団地-東福寺-篠ノ井病院前-篠ノ井駅 篠ノ井ぐるりん号
17%
アルピコ交通 111 青木島→(中央通り)→善光寺大門 丹波島線(中央通り経由善光寺大門行)
0%
アルピコタクシー 秋古公民館前-村山-遊谷-山布施-青池-有旅-犬石-瀬原田-布施五明-篠ノ井駅-篠ノ井病院前 信更地域バス
0%
長野市 南鬼無里-旅の駅鬼無里-鬼無里支所 鬼無里地区市バス南鬼無里線
0%
長野市 菅池峠-鬼無里支所-旅の駅鬼無里 鬼無里地区市バス大望峠線
0%
長野市 上楠川-渡土 戸隠地区市バス参宮線
0%
長野市 中学校前-坪山 戸隠地区市バス西部線
0%
アルピコタクシー 松代八十二銀行前-松代温泉-桑根井-赤柴上 赤柴線
0%
No matching quizzes found
Score Distribution
Percent of People with Each Score
Percentile by Number Answered
Your Score History
You have not taken this quiz